000 00865nam a22002777a 4500
003 DO-SdBPM
005 20241128080707.0
008 170714b19uu sp | 0| 0 spa d
020 _a8472972933
040 _aDO-SdBPM
_bspa
_cBPMSU
082 4 _a808.83
_bB638e
_222
245 1 0 _aBlancanieves y los 7 enatitos ;
_bLa liebre y la tortuga /
246 _aLa liebre y la tortuga
260 _aMadrid :
_bEdiciones Saldaña Ortega,
_c[198?]
300 _a[12,11] p. :
_bil. ;
_c17 cm.
490 0 _aIlusión
563 _aDos obras encuadernadas juntas con paginación continua
585 _aInventariado, 2024/VM
650 4 _aCuentos infantiles.
650 4 _aLibros ilustrados para niños
710 2 _aEdiciones A. Saldaña Ortega
740 _aLa liebre y la tortuga
830 _a
910 _aVMateo V. Control de calidad. BPMSU
942 _2ddc
_cBK
999 _c12586
_d12586